Applied Linear Regression (Record no. 7824)

MARC details
000 -LEADER
fixed length control field 01146pam a2200313 a 4500
001 - CONTROL NUMBER
control field 3331573
003 - CONTROL NUMBER IDENTIFIER
control field OSt
005 - DATE AND TIME OF LATEST TRANSACTION
control field 20231031123046.0
008 - FIXED-LENGTH DATA ELEMENTS--GENERAL INFORMATION
fixed length control field 850228s1985 nyua b 001 0 eng
010 ## - LIBRARY OF CONGRESS CONTROL NUMBER
LC control number 85005356
020 ## - INTERNATIONAL STANDARD BOOK NUMBER
International Standard Book Number 0471879576
040 ## - CATALOGING SOURCE
Original cataloging agency DLC
Transcribing agency DLC
Modifying agency DLC
050 00 - LIBRARY OF CONGRESS CALL NUMBER
Classification number QA278.2
Item number .W44 1985
082 00 - DEWEY DECIMAL CLASSIFICATION NUMBER
Classification number 519 WEI 1985
Edition number 19
100 1# - MAIN ENTRY--PERSONAL NAME
Personal name Weisberg, Sanford,
9 (RLIN) 15925
245 10 - TITLE STATEMENT
Title Applied Linear Regression
250 ## - EDITION STATEMENT
Edition statement 2nd ed.
260 ## - PUBLICATION, DISTRIBUTION, ETC. (IMPRINT)
Place of publication, distribution, etc. New York :
Name of publisher, distributor, etc. Wiley,
Date of publication, distribution, etc. c1985.
300 ## - PHYSICAL DESCRIPTION
Extent xiv, 324 p. :
Other physical details ill. ;
Dimensions 24 cm.
440 #0 - SERIES STATEMENT/ADDED ENTRY--TITLE
Title Wiley series in probability and mathematical statistics.
Name of part/section of a work Applied probability and statistics,
International Standard Serial Number 0271-6356
9 (RLIN) 15926
500 ## - GENERAL NOTE
General note Includes indexes.
504 ## - BIBLIOGRAPHY, ETC. NOTE
Bibliography, etc Bibliography: p. 307-316.
650 #0 - SUBJECT ADDED ENTRY--TOPICAL TERM
Topical term or geographic name as entry element Linear analysis.
9 (RLIN) 2559
856 42 - ELECTRONIC LOCATION AND ACCESS
Materials specified Contributor biographical information
Uniform Resource Identifier http://www.loc.gov/catdir/bios/wiley042/85005356.html
856 42 - ELECTRONIC LOCATION AND ACCESS
Materials specified Publisher description
Uniform Resource Identifier http://www.loc.gov/catdir/description/wiley033/85005356.html
856 4# - ELECTRONIC LOCATION AND ACCESS
Materials specified Table of Contents
Uniform Resource Identifier http://www.loc.gov/catdir/toc/onix04/85005356.html
906 ## - LOCAL DATA ELEMENT F, LDF (RLIN)
a 7
b cbc
c orignew
d 1
e ocip
f 19
g y-gencatlg
942 ## - ADDED ENTRY ELEMENTS (KOHA)
Source of classification or shelving scheme Dewey Decimal Classification
Koha item type Open Shelf
Holdings
Withdrawn status Lost status Source of classification or shelving scheme Damaged status Not for loan Home library Current library Date acquired Source of acquisition Inventory number Total Checkouts Full call number Barcode Date last seen Koha item type
    Dewey Decimal Classification     MUST Main Library MUST Main Library 17/03/2022 Purchase 01/16545   519 WEI 1985 2022-0473 17/03/2022 Open Shelf
    Dewey Decimal Classification     MUST Main Library MUST Main Library 17/03/2022 Purchase 00/14677   519 WEI 1985 2022-0474 17/03/2022 Open Shelf
    Dewey Decimal Classification     MUST Main Library MUST Main Library 17/03/2022 Purchase 01/16546   519 WEI 1985 2022-0475 17/03/2022 Open Shelf
    Dewey Decimal Classification     MUST Main Library MUST Main Library   Purchase 2000/14676   519 WEI 1985 2024-20606 17/06/2024 Open Shelf